Review of Ghana Law (Record no. 5968)
[ view plain ]
| 000 -LEADER | |
|---|---|
| fixed length control field | 00494nam a22001697a 4500 |
| 003 - CONTROL NUMBER IDENTIFIER | |
| control field | OSt |
| 005 - DATE AND TIME OF LATEST TRANSACTION | |
| control field | 20250526151922.0 |
| 008 - FIXED-LENGTH DATA ELEMENTS--GENERAL INFORMATION | |
| fixed length control field | 250526b |||||||| |||| 00| 0 eng d |
| 040 ## - CATALOGING SOURCE | |
| Transcribing agency | Accra |
| 050 ## - LIBRARY OF CONGRESS CALL NUMBER | |
| Classification number | RGL87-88 |
| 100 ## - MAIN ENTRY--PERSONAL NAME | |
| Personal name | Review of Ghana Law / |
| Dates associated with a name | Edited by: S. Y. Bimpong-Buta |
| 245 ## - TITLE STATEMENT | |
| Title | Review of Ghana Law |
| 260 ## - PUBLICATION, DISTRIBUTION, ETC. | |
| Place of publication, distribution, etc. | Accra; |
| Name of publisher, distributor, etc. | Council of Law Reporting: |
| Date of publication, distribution, etc. | c1987-88 |
| 300 ## - PHYSICAL DESCRIPTION | |
| Extent | ix, 304 pages |
| Dimensions | 24 cm |
| 500 ## - GENERAL NOTE | |
| General note | Includes Notes and Comments, Book Review, Statutes |
| 942 ## - ADDED ENTRY ELEMENTS (KOHA) | |
| Source of classification or shelving scheme | Library of Congress Classification |
| Koha item type | Books |
| Suppress in OPAC | No |
| Withdrawn status | Lost status | Source of classification or shelving scheme | Damaged status | Not for loan | Collection | Home library | Current library | Shelving location | Date acquired | Total checkouts | Full call number | Barcode | Date last seen | Copy number | Uniform resource identifier | Price effective from | Koha item type |
|---|---|---|---|---|---|---|---|---|---|---|---|---|---|---|---|---|---|
| Library of Congress Classification | Non-fiction | Law Library (Christ Temple) | Law Library (Christ Temple) | Reference | 05/26/2025 | RGL87-88 VOL. XVI | LLCT00000687 | 05/26/2025 | 1 | VOL. XVI 1987-88 | 05/26/2025 | Books | |||||
| Library of Congress Classification | Non-fiction | Law Library (Christ Temple) | Law Library (Christ Temple) | Reference | 05/26/2025 | RGL83-86 VOL. XV | LLCT00000688 | 05/26/2025 | 1 | VOL. XV 1983-86 | 05/26/2025 | Books | |||||
| Library of Congress Classification | Non-fiction | Law Library (Christ Temple) | Law Library (Christ Temple) | Reference | 05/26/2025 | RGL96-00 VOL. XX | LLCT00000689 | 05/26/2025 | 1 | VOL. XX 1996-2000 | 05/26/2025 | Books | |||||
| Library of Congress Classification | Non-fiction | Law Library (Christ Temple) | Law Library (Christ Temple) | Reference | 05/26/2025 | RGL91-92 VOL. XVIII | LLCT00000690 | 05/26/2025 | 1 | VOL. XVIII 1991-92 | 05/26/2025 | Books | |||||
| Library of Congress Classification | Non-fiction | Law Library (Christ Temple) | Law Library (Christ Temple) | Reference | 05/26/2025 | RGL93-95 VOL. XIX | LLCT00000691 | 05/26/2025 | 1 | VOL. XIX 1993-95 | 05/26/2025 | Books | |||||
| Library of Congress Classification | Non-fiction | Law Library (Christ Temple) | Law Library (Christ Temple) | Reference | 05/26/2025 | RGL93-95 VOL. XIX | LLCT00000692 | 05/26/2025 | 2 | VOL. XIX 1993-95 | 05/26/2025 | Books |